Scrambled “R” Words - Statistics

General Stats
  • This quiz has been taken 39 times
  • The average score is 19 of 36
Answer Stats
Hint Answer % Correct
erferee referee
97%
domnar random
94%
cgzneieor recognize
88%
olveervr revolver
88%
ortepr report
82%
iwvere review
82%
ustbro robust
82%
ertnce recent
79%
egfreue refugee
79%
agerdr regard
76%
gernvee revenge
76%
oyylrta royalty
70%
eacmnor romance
64%
sfbehriru refurbish
55%
erngmie regimen
52%
refunmerde referendum
48%
esrrovrei reservoir
48%
aiedrsul residual
45%
rommtaoe roommate
45%
tercvaiadio radioactive
42%
rceealuntc reluctance
42%
lraoadri railroad
39%
tnoleiefcr reflection
39%
nnietmrcesi reminiscent
39%
izonatlaeir rationalize
36%
rphseienl replenish
33%
autemhsrim rheumatism
33%
epireetrro repertoire
30%
imrrneadp reprimand
27%
eapriystrro respiratory
27%
cihotrre rhetoric
27%
aasroeelnb reasonable
21%
earenlweb renewable
21%
wrdneone renowned
21%
speobsielrn responsible
21%
irmduanryet rudimentary
18%
No matching quizzes found
Score Distribution
Percent of People with Each Score
Percentile by Number Answered
Your Score History
You have not taken this quiz